00620cam a2200169 a 4500040000800000082002600008100002100034245019000055260004000245300002500285650003800310650001400348650001800362700002200380700002100402710002700423 cDLC00a382 THE 1981 C147 Or.1 aFishlow, Albert.10aTrade in manufactured products with developing countries :breinforcing North-South partnership : report of the Trilateral Task Force on North-South Trade of the Trilateral Commission / aNew York :bThe Commission,cc1981. axvi, 85 p. ;c23 cm. 0aInternational economic relations. 0aCommerce. 0aManufactures.1 aCarriè€re, Jean,1 aSekiguchi, Sueo.2 aTrilateral Commission.